[Event "1. Wittelsbacher Weihnachts-Schach-Open"]
[Site "Kelheim"]
[Date "2012.12.28"]
[Round "4.24"]
[White "Albrecht, Andreas"]
[Black "Fischer, Wolfgang"]
[Result "1-0"]
[WhiteElo "1756"]
[BlackElo "1474"]
[PlyCount "69"]
[EventDate "2012.??.??"]
[WhiteTeam "Regensb. Turnerschaft"]
[BlackTeam "SF Tegernheim"]

1. d4 Nf6 2. Nf3 d5 3. e3 e6 4. Bd3 c5 5. c3 Nc6 6. Nbd2 Be7 7. O-O O-O 8. dxc5
Bxc5 9. b4 Bd6 10. Bb2 Ne5 11. Nxe5 Bxe5 12. f4 Bc7 13. c4 Bb6 14. Rf3 e5 15.
fxe5 Bg4 16. exf6 Bxe3+ 17. Rxe3 Bxd1 18. Rxd1 Re8 19. Rh3 g6 20. c5 Qc7 21.
Bb5 Re6 22. Rd3 a6 23. Ba4 b5 24. Bb3 Rae8 25. Nf3 Qf4 26. a3 Re3 27. Bc1 d4
28. Bxe3 dxe3 29. Rd7 Rf8 30. c6 Qxf6 31. c7 Qc6 32. Rxf7 Rxf7 33. Rd8+ Kg7 34.
c8=Q Qc1+ 35. Qxc1 1-0

[Event "1. Wittelsbacher Weihnachts-Schach-Open"]
[Site "Kelheim"]
[Date "2012.12.28"]
[Round "4.25"]
[White "Miethaner, Ulrich"]
[Black "Reinfelder, Fabian"]
[Result "1-0"]
[WhiteElo "1720"]
[BlackElo "1433"]
[PlyCount "75"]
[EventDate "2012.??.??"]
[WhiteTeam "SC Bavaria Regensb.1881"]
[BlackTeam "SG Siemens Amberg"]

1. d4 Nf6 2. Nc3 d5 3. Bg5 e6 4. Nf3 Bb4 5. Qd3 Bxc3+ 6. bxc3 Nbd7 7. c4 dxc4
8. Qxc4 c6 9. e4 Qa5+ 10. Bd2 Qc7 11. Bd3 O-O 12. O-O b5 13. Qb3 Bb7 14. e5 Nd5
15. Bxh7+ Kxh7 16. Ng5+ Kg8 17. Qh3 N7f6 18. exf6 Nxf6 19. Rfe1 Qd6 20. Re4
Rfe8 21. Rh4 Kf8 22. Re1 Ke7 23. Nf3 c5 24. dxc5 Qc7 25. c6 Bxc6 26. Bb4+ Kd8
27. Ne5 Bd5 28. Qa3 a5 29. Bd6 Qb6 30. Nxf7+ Kc8 31. Bg3 b4 32. Qb2 Kd7 33. Rd1
Ke7 34. Ne5 Rad8 35. Rhd4 Be4 36. Nc4 Rxd4 37. Rxd4 Kf7 38. Nxb6 1-0

[Event "1. Wittelsbacher Weihnachts-Schach-Open"]
[Site "Kelheim"]
[Date "2012.12.28"]
[Round "4.26"]
[White "Schmitz, Marc"]
[Black "Swierzy, David"]
[Result "1-0"]
[WhiteElo "1674"]
[BlackElo "1391"]
[PlyCount "71"]
[EventDate "2012.??.??"]
[WhiteTeam "SV Saal/Donau e.V.SAbt"]
[BlackTeam "SC Straubing"]

1. e4 Nf6 2. Nc3 e5 3. Nf3 Nc6 4. Bb5 Bb4 5. d3 d6 6. h3 h6 7. a3 Bxc3+ 8. bxc3
Bd7 9. c4 Qe7 10. c3 O-O 11. Nh2 Nd8 12. Bxd7 Nxd7 13. Ng4 Kh8 14. Ne3 Nc5 15.
Nf5 Qf6 16. h4 Nde6 17. g3 Rae8 18. Rb1 b6 19. Be3 Kg8 20. Kf1 Qg6 21. Rb2 f6
22. f3 Nd8 23. Rg2 Nc6 24. h5 Qf7 25. g4 Ne7 26. Bxh6 Nxf5 27. gxf5 Kh7 28.
Rxg7+ Qxg7 29. Bxg7 Kxg7 30. d4 Nd7 31. Rg1+ Kf7 32. Qd2 Rh8 33. h6 Reg8 34.
Rxg8 Rxg8 35. c5 bxc5 36. Qa2+ 1-0

[Event "1. Wittelsbacher Weihnachts-Schach-Open"]
[Site "Kelheim"]
[Date "2012.12.28"]
[Round "4.27"]
[White "Gebhardt, Lukas"]
[Black "Brack, Johannes"]
[Result "0-1"]
[WhiteElo "1443"]
[BlackElo "1865"]
[PlyCount "120"]
[EventDate "2012.??.??"]
[WhiteTeam "SK Kelheim 1920"]
[BlackTeam "Regensb. Turnerschaft"]

1. d4 Nf6 2. c4 g6 3. Nc3 Bg7 4. Nf3 O-O 5. e3 d6 6. Bd3 Nbd7 7. O-O e5 8. Ne4
a5 9. Bd2 Nxe4 10. Bxe4 c6 11. b3 f5 12. Bc2 e4 13. Ne1 b5 14. cxb5 cxb5 15. a3
d5 16. Qe2 b4 17. axb4 Ba6 18. Nd3 exd3 19. Bxd3 Bxd3 20. Qxd3 axb4 21. Rxa8
Qxa8 22. Bxb4 Rc8 23. Qb5 Rb8 24. Qxd7 Rxb4 25. Rc1 Bf8 26. h3 Rb7 27. Qxd5+
Kh8 28. Qe5+ Bg7 29. Qc5 Kg8 30. Qd5+ Kh8 31. Qe6 Rb8 32. Qd7 Rd8 33. Qc7 Qb8
34. Qf7 Rf8 35. Qc4 f4 36. Qe6 Qe8 37. Qxe8 Rxe8 38. Rc3 h5 39. Kf1 Kh7 40. Ke2
Bxd4 41. Rc4 Be5 42. Re4 f3+ 43. gxf3 Re7 44. f4 Bd6 45. Rxe7+ Bxe7 46. Kd3 Kg7
47. Kc4 Kf6 48. b4 Kf5 49. b5 Ke4 50. b6 h4 51. b7 Bd6 52. Kb5 Kf3 53. Kc6 Bb8
54. Kd7 Kg2 55. Kc8 Bd6 56. b8=Q Bxb8 57. Kxb8 Kxh3 58. e4 Kg4 59. e5 Kf5 60.
Kc7 Ke6 0-1

[Event "1. Wittelsbacher Weihnachts-Schach-Open"]
[Site "Kelheim"]
[Date "2012.12.28"]
[Round "4.28"]
[White "Fischer, Agnes"]
[Black "Klarl, Wolfgang"]
[Result "0-1"]
[WhiteElo "1369"]
[BlackElo "1817"]
[PlyCount "72"]
[EventDate "2012.??.??"]
[WhiteTeam "SF Tegernheim"]
[BlackTeam "DJK-Regensburg Nord e.V."]

1. e4 c6 2. Nc3 d5 3. d4 dxe4 4. Nxe4 Nf6 5. Nxf6+ gxf6 6. Be3 Bf5 7. Bd3 Bg6
8. Ne2 e6 9. Bxg6 hxg6 10. Qd3 Bd6 11. h3 Qc7 12. a3 Nd7 13. c4 O-O-O 14. b4 e5
15. d5 c5 16. b5 f5 17. f3 f6 18. Bf2 Rde8 19. O-O-O e4 20. fxe4 fxe4 21. Qb3
f5 22. g3 g5 23. Rdf1 f4 24. gxf4 gxf4 25. Be1 Rhf8 26. h4 f3 27. Ng1 Bf4+ 28.
Kd1 Qe5 29. Bc3 Qh5 30. Qa2 Be5 31. Qb2 e3 32. Kc2 e2 33. Rb1 Bxc3 34. Qxc3 f2
35. Nxe2 Qxe2+ 36. Kb3 Re3 0-1

[Event "1. Wittelsbacher Weihnachts-Schach-Open"]
[Site "Kelheim"]
[Date "2012.12.28"]
[Round "4.29"]
[White "Eichinger, Bernd"]
[Black "Beilschmidt, Eva"]
[Result "0-1"]
[WhiteElo "1315"]
[BlackElo "1716"]
[PlyCount "86"]
[EventDate "2012.??.??"]
[WhiteTeam "SK Schwandorf"]
[BlackTeam "SK Kelheim 1920"]

1. d4 Nf6 2. c4 c5 3. e3 cxd4 4. exd4 d5 5. Nc3 Nc6 6. Nf3 Bg4 7. Bg5 Bxf3 8.
Qxf3 Nxd4 9. Qd1 dxc4 10. Bxc4 e6 11. O-O Be7 12. Qd2 O-O 13. Rfd1 e5 14. Qd3
Qb6 15. b3 Rad8 16. Rac1 Nxb3 17. Bxb3 Rxd3 18. Rxd3 Ba3 19. Rcd1 h6 20. Be3
Qa5 21. Nd5 Nxd5 22. Rxd5 Qc7 23. g3 a6 24. Rd7 Qc6 25. R1d5 e4 26. h4 b5 27.
Bf4 a5 28. Rc7 Qb6 29. Rdd7 Qf6 30. Kf1 a4 31. Rxf7 Rxf7 32. Bxf7+ Kf8 33. Bd5
Qd4 34. Be6 Bd6 35. Rd7 Qa1+ 36. Kg2 Bxf4 37. Rf7+ Ke8 38. Rxf4 e3 39. fxe3 Ke7
40. Re4 Kd6 41. Bf7 Qb2+ 42. Kh3 Qc1 43. Bg8 Qh1+ 0-1

[Event "1. Wittelsbacher Weihnachts-Schach-Open"]
[Site "Kelheim"]
[Date "2012.12.28"]
[Round "4.30"]
[White "Fritsch, Julian"]
[Black "Klemp, Sören"]
[Result "0-1"]
[WhiteElo "1300"]
[BlackElo "1822"]
[PlyCount "36"]
[EventDate "2012.??.??"]
[WhiteTeam "SK Kelheim 1920"]
[BlackTeam "Regensb. Turnerschaft"]

1. d4 f5 2. g3 Nf6 3. Bg2 g6 4. Nf3 Bg7 5. O-O O-O 6. c4 d6 7. Qb3 Na6 8. Ng5
c5 9. Bxb7 Rb8 10. dxc5 Rxb7 11. Qa3 Nxc5 12. Nc3 h6 13. Nf3 Nfe4 14. Nxe4 fxe4
15. Nd2 Bh3 16. Rd1 Qb6 17. f4 Nd3+ 18. c5 Bd4+ 0-1

[Event "1. Wittelsbacher Weihnachts-Schach-Open"]
[Site "Kelheim"]
[Date "2012.12.28"]
[Round "4.31"]
[White "Brunner, Tobias"]
[Black "Hessler, Markus"]
[Result "0-1"]
[WhiteElo "1297"]
[BlackElo "1762"]
[PlyCount "96"]
[EventDate "2012.??.??"]
[WhiteTeam "TSV Nittenau"]
[BlackTeam "SF Roding"]

1. e4 d6 2. d4 Nf6 3. Nc3 c6 4. a4 g6 5. Bf4 Bg7 6. Bc4 O-O 7. h3 Nxe4 8. Nxe4
d5 9. Bxd5 Qxd5 10. Nc3 Qxd4 11. Nge2 Qxd1+ 12. Rxd1 Bf5 13. Rd2 Na6 14. O-O
Rad8 15. Rfd1 Rxd2 16. Rxd2 Nb4 17. Ng3 Bc8 18. Nge4 e5 19. Bg5 f6 20. Be3 b6
21. a5 c5 22. axb6 axb6 23. Nxc5 Nxc2 24. Rxc2 bxc5 25. Bxc5 Rd8 26. Ba3 Be6
27. Kf1 f5 28. f3 Bh6 29. b4 Rc8 30. Bb2 Bb3 31. Rf2 Be3 32. b5 Bc4+ 33. Ke1
Bxf2+ 34. Kxf2 Bxb5 35. Nxb5 Rc2+ 36. Kg3 Rxb2 37. Nd6 f4+ 38. Kh2 Kg7 39. Nc4
Re2 40. Nd6 Kf6 41. Ne4+ Rxe4 42. fxe4 Ke6 43. Kg1 Kd6 44. Kf2 Kc5 45. g3 fxg3+
46. Kxg3 Kd4 47. Kf3 Kd3 48. h4 Kd4 0-1

[Event "1. Wittelsbacher Weihnachts-Schach-Open"]
[Site "Kelheim"]
[Date "2012.12.28"]
[Round "4.32"]
[White "Bartmann, Florian"]
[Black "Karl, Markus"]
[Result "1-0"]
[WhiteElo "1665"]
[BlackElo "1436"]
[PlyCount "37"]
[EventDate "2012.??.??"]
[WhiteTeam "SK Kelheim 1920"]
[BlackTeam "SK Kelheim 1920"]

1. e4 c5 2. Nf3 d6 3. d4 cxd4 4. Nxd4 Nf6 5. Nc3 Nc6 6. Be2 e6 7. Be3 Be7 8.
Nb3 O-O 9. Qd2 a6 10. g4 b5 11. a3 Ne5 12. f3 Nc4 13. Bxc4 bxc4 14. Nd4 Qc7 15.
g5 Nd7 16. h4 Rb8 17. h5 g6 18. hxg6 hxg6 19. Qh2 1-0

[Event "1. Wittelsbacher Weihnachts-Schach-Open"]
[Site "Kelheim"]
[Date "2012.12.28"]
[Round "4.33"]
[White "Rösch, Maximilian"]
[Black "Gleis, Wolfgang"]
[Result "0-1"]
[WhiteElo "1086"]
[BlackElo "1663"]
[PlyCount "34"]
[EventDate "2012.??.??"]
[WhiteTeam "SK Kelheim 1920"]
[BlackTeam "SF Tegernheim"]

1. e4 Nf6 2. Nc3 d5 3. exd5 Nxd5 4. Nf3 Bg4 5. h3 Bh5 6. d4 e6 7. g4 Bg6 8. Bg5
f6 9. Bh4 Bb4 10. Qd2 c6 11. a3 Qa5 12. axb4 Qxa1+ 13. Nd1 Qa4 14. Qe2 Qxb4+
15. c3 Qe7 16. g5 Nd7 17. Bg2 Nf4 0-1

[Event "1. Wittelsbacher Weihnachts-Schach-Open"]
[Site "Kelheim"]
[Date "2012.12.28"]
[Round "4.34"]
[White "Zankl, Stephan"]
[Black "Eremenko, Dimitry"]
[Result "0-1"]
[WhiteElo "1596"]
[BlackElo "1382"]
[PlyCount "60"]
[EventDate "2012.??.??"]
[WhiteTeam "TSV Nittenau"]
[BlackTeam "MTV Ingolstadt"]

1. d4 Nf6 2. Nf3 d5 3. Bf4 e6 4. Nbd2 c5 5. c3 Nc6 6. e3 Qb6 7. Qc2 Bd7 8. h3
Rc8 9. Be2 cxd4 10. exd4 Nh5 11. Be3 Bd6 12. g3 Nf6 13. g4 h6 14. Rc1 Ne7 15.
Qb1 Ng6 16. Kf1 O-O 17. g5 hxg5 18. Bd3 Nf4 19. Bc2 Qa6+ 20. Kg1 Ne2+ 21. Kg2
Nxc1 22. Nxg5 Ne4 23. h4 Qe2 24. Qxc1 Qg4+ 25. Kf1 Bb5+ 26. c4 Rxc4 27. Qd1
Rxc2+ 28. Ke1 Rc1 29. Ngf3 Rxd1+ 30. Kxd1 Nxd2 0-1

[Event "1. Wittelsbacher Weihnachts-Schach-Open"]
[Site "Kelheim"]
[Date "2012.12.28"]
[Round "4.35"]
[White "Schwab, Leon"]
[Black "Tautz, Helmut"]
[Result "0-1"]
[WhiteElo "1014"]
[BlackElo "1499"]
[PlyCount "58"]
[EventDate "2012.??.??"]
[WhiteTeam "SK Kelheim 1920"]
[BlackTeam "SK Kelheim 1920"]

1. d4 g6 2. e4 d6 3. Nf3 Bg7 4. Bf4 Nf6 5. Nc3 O-O 6. Bc4 Nc6 7. O-O Bg4 8. Be3
e5 9. d5 Nd4 10. Be2 Nxe2+ 11. Qxe2 Qc8 12. Bg5 Nh5 13. Qe3 f5 14. Be7 f4 15.
Qd3 Rf7 16. Bh4 h6 17. g3 g5 18. Bxg5 hxg5 19. Nxg5 Rf6 20. f3 Bh3 21. Rf2 fxg3
22. hxg3 Rg6 23. Ne6 Nxg3 24. Nb5 Bxe6 25. dxe6 Qxe6 26. Rh2 Qf7 27. Kf2 a6 28.
Nc3 Qf4 29. Rg1 Nxe4+ 0-1

[Event "1. Wittelsbacher Weihnachts-Schach-Open"]
[Site "Kelheim"]
[Date "2012.12.28"]
[Round "4.36"]
[White "Schindler, Tobias"]
[Black "Barani, Christian"]
[Result "1-0"]
[WhiteElo "1466"]
[BlackElo "1150"]
[PlyCount "79"]
[EventDate "2012.??.??"]
[WhiteTeam "SK Kelheim 1920"]
[BlackTeam "SC Bechhofen 1923 e.V."]

1. c4 e5 2. g3 Nc6 3. Nc3 Bb4 4. Nd5 d6 5. Bg2 Nf6 6. e3 Nxd5 7. cxd5 Ne7 8.
Qa4+ Bd7 9. Qxb4 b6 10. Ne2 a5 11. Qb3 c6 12. dxc6 Bxc6 13. O-O Bxg2 14. Kxg2
Rc8 15. d4 e4 16. Qb5+ Kf8 17. Nc3 d5 18. Bd2 Qd6 19. Rac1 Rd8 20. Rc2 g6 21.
Rfc1 Kg7 22. Na4 Rb8 23. Rc7 Rhd8 24. Ra7 Nc8 25. Ra6 Qf6 26. Qe2 h6 27. f3
Qxf3+ 28. Qxf3 exf3+ 29. Kxf3 Rd6 30. b4 b5 31. Rxd6 Nxd6 32. Nc5 a4 33. e4
dxe4+ 34. Nxe4 Nxe4 35. Kxe4 f5+ 36. Kd3 Kf7 37. Rc7+ Ke6 38. Bf4 g5 39. d5+
Kxd5 40. Rc5+ 1-0

[Event "1. Wittelsbacher Weihnachts-Schach-Open"]
[Site "Kelheim"]
[Date "2012.12.28"]
[Round "4.37"]
[White "Böse, Carolin"]
[Black "Fernandez-Alvarez, Raul"]
[Result "0-1"]
[WhiteElo "1179"]
[BlackElo "1279"]
[PlyCount "44"]
[EventDate "2012.??.??"]
[WhiteTeam "SC Bechhofen 1923 e.V."]
[BlackTeam "SG Schwabing München Nord e.V."]

1. e4 e6 2. d4 d5 3. exd5 exd5 4. c4 Nf6 5. Nc3 Be6 6. Qb3 b6 7. Nf3 Be7 8. Ne5
O-O 9. f3 dxc4 10. Bxc4 Qxd4 11. f4 Bxc4 12. Qxc4 Qxc4 13. Nxc4 Bc5 14. Bd2
Re8+ 15. Kd1 Nc6 16. Nb5 Nd5 17. Kc2 a6 18. Nc3 Ncb4+ 19. Kb3 Nxc3 20. Bxc3 Nd3
21. g3 f6 22. Rad1 Nf2 0-1

[Event "1. Wittelsbacher Weihnachts-Schach-Open"]
[Site "Kelheim"]
[Date "2012.12.28"]
[Round "4.38"]
[White "Glück, Ulrich"]
[Black "Obermeier, Johannes"]
[Result "1/2-1/2"]
[WhiteElo "1748"]
[BlackElo "1310"]
[PlyCount "62"]
[EventDate "2012.??.??"]
[WhiteTeam "MSA Zugzwang 82 e.V."]
[BlackTeam "SK Kelheim 1920"]

1. d4 d5 2. c4 e6 3. cxd5 exd5 4. Nc3 c6 5. a3 Nf6 6. Bg5 Bf5 7. e3 Be7 8. Bd3
Bxd3 9. Qxd3 O-O 10. Bxf6 Bxf6 11. Nf3 Re8 12. O-O Nd7 13. b4 a6 14. Na4 b5 15.
Nc5 Nxc5 16. bxc5 a5 17. Rfe1 Qe7 18. Nd2 Red8 19. Nf1 Qe4 20. Qxe4 dxe4 21.
Ng3 Re8 22. Red1 g6 23. Ne2 Rad8 24. Rac1 g5 25. Nc3 Bg7 26. g4 h6 27. Kg2 Kh7
28. Rh1 Rb8 29. Rb1 Bf6 30. Rb2 Bd8 31. Rhb1 Bf6 1/2-1/2

[Event "1. Wittelsbacher Weihnachts-Schach-Open"]
[Site "Kelheim"]
[Date "2012.12.28"]
[Round "4.39"]
[White "Mühlich, Cornelius"]
[Black "Burgard, Manfred"]
[Result "0-1"]
[WhiteElo "1073"]
[BlackElo "1354"]
[PlyCount "34"]
[EventDate "2012.??.??"]
[WhiteTeam "SK Kelheim 1920"]
[BlackTeam "SF Roding"]

1. d4 Nf6 2. g3 e6 3. c4 d5 4. cxd5 exd5 5. Bg2 c6 6. Nf3 Bd6 7. O-O O-O 8. Nc3
h6 9. Bd2 Bf5 10. a3 Nbd7 11. b4 a6 12. Na4 Re8 13. e3 Ne4 14. Nc5 Qc7 15. Be1
Ndf6 16. Nd2 Nc3 17. Qf3 Bg4 0-1

[Event "1. Wittelsbacher Weihnachts-Schach-Open"]
[Site "Kelheim"]
[Date "2012.12.28"]
[Round "4.40"]
[White "Hauenstein, Luis"]
[Black "Antczak, Lena"]
[Result "1-0"]
[WhiteElo "998"]
[BlackElo "1289"]
[PlyCount "107"]
[EventDate "2012.??.??"]
[WhiteTeam "SC Bechhofen 1923 e.V."]
[BlackTeam "SK Kelheim 1920"]

1. c4 c5 2. g3 Nc6 3. Bg2 g6 4. Nc3 Bg7 5. e4 e6 6. Nge2 Nge7 7. O-O O-O 8. d3
d6 9. a3 a6 10. Rb1 Bd7 11. b4 cxb4 12. axb4 Nd4 13. Nxd4 Bxd4 14. Bb2 Bg7 15.
Ne2 e5 16. d4 Nc6 17. Bc3 Bg4 18. f3 Be6 19. d5 Qe7 20. dxe6 Qxe6 21. Qd5 Rac8
22. Qxe6 fxe6 23. Bh3 Rfe8 24. Rfd1 Rcd8 25. Kf2 Kf7 26. Rd2 Ke7 27. Rbd1 Rf8
28. b5 Na7 29. bxa6 bxa6 30. Ba5 Rd7 31. Bb6 Nc8 32. c5 Nxb6 33. cxb6 Rb8 34.
Rb1 Rdb7 35. Rdb2 Bf8 36. f4 Bg7 37. Rb3 exf4 38. gxf4 e5 39. f5 Rf8 40. Nc3
Kd7 41. Nd5 Kd8 42. Rc1 Rff7 43. Ra3 Bh6 44. Rc2 Bf4 45. Kg2 g5 46. Rxa6 Rb8
47. Rca2 Rfb7 48. Ra8 h5 49. Kh1 Ke8 50. Rxb8+ Rxb8 51. Ra7 Bc1 52. b7 Kf7 53.
Bf1 Bf4 54. Ba6 1-0

[Event "1. Wittelsbacher Weihnachts-Schach-Open"]
[Site "Kelheim"]
[Date "2012.12.28"]
[Round "4.42"]
[White "Pritschet, Lena"]
[Black "Böse, Christina"]
[Result "0-1"]
[WhiteElo "954"]
[BlackElo "1202"]
[PlyCount "78"]
[EventDate "2012.??.??"]
[WhiteTeam "SK Kelheim 1920"]
[BlackTeam "SC Bechhofen 1923 e.V."]

1. e4 e5 2. Nf3 Nc6 3. d4 exd4 4. Nxd4 Bc5 5. Be3 Qf6 6. c3 Nge7 7. Bc4 O-O 8.
O-O Ne5 9. Qh5 c6 10. Bg5 Qg6 11. Qxg6 N7xg6 12. Bb3 Nd3 13. Nd2 Nxb2 14. Bc2
b5 15. Rae1 Ba6 16. Rb1 b4 17. N2b3 Bxd4 18. Nxd4 Bxf1 19. Rxb2 bxc3 20. Rb3
Bc4 21. Rxc3 Bxa2 22. Rd3 Rab8 23. g3 Bb1 24. Bxb1 Rxb1+ 25. Kg2 f6 26. Bf4
Nxf4+ 27. gxf4 a5 28. Nf5 Rd8 29. Ne7+ Kf8 30. Nxc6 Re8 31. Rxd7 Rxe4 32. f5
Rb3 33. f3 Re2+ 34. Kg3 Ree3 35. Nd4 Rbd3 36. Rd8+ Ke7 37. Nc6+ Kf7 38. Rxd3
Rxd3 39. Nxa5 Rd5 0-1

[Event "1. Wittelsbacher Weihnachts-Schach-Open"]
[Site "Kelheim"]
[Date "2012.12.28"]
[Round "5.1"]
[White "Kantans, Toms"]
[Black "Meskovs, Nikita"]
[Result "1/2-1/2"]
[WhiteElo "2355"]
[BlackElo "2314"]
[PlyCount "31"]
[EventDate "2012.??.??"]

1. e4 c5 2. c3 Nf6 3. e5 Nd5 4. Nf3 e6 5. Bc4 Nb6 6. Bb3 Nc6 7. d4 cxd4 8. cxd4
d6 9. exd6 Bxd6 10. Nc3 O-O 11. O-O Nd5 12. Nxd5 exd5 13. h3 Bc7 14. Ne5 Nxe5
15. dxe5 Bxe5 16. Bxd5 1/2-1/2

[Event "1. Wittelsbacher Weihnachts-Schach-Open"]
[Site "Kelheim"]
[Date "2012.12.28"]
[Round "5.2"]
[White "Pezerovic, Edin"]
[Black "Berchtenbreiter, Maximilian"]
[Result "1/2-1/2"]
[WhiteElo "2442"]
[BlackElo "2360"]
[PlyCount "56"]
[EventDate "2012.??.??"]
[WhiteTeam "Münchener SC 1836 e.V."]
[BlackTeam "SGem Pang/Rosenheim"]

1. d4 g6 2. Nf3 Bg7 3. c3 f5 4. Bf4 Nh6 5. Be5 Bxe5 6. Nxe5 d6 7. Nf3 Nd7 8.
Nbd2 e5 9. dxe5 Nxe5 10. e3 Nhf7 11. Be2 O-O 12. Qb3 Kh8 13. Nxe5 Nxe5 14. Nf3
Qe7 15. O-O Be6 16. c4 b6 17. Qc3 Qg7 18. Nxe5 Qxe5 19. Qxe5+ dxe5 20. Rfd1
Rfd8 21. f4 e4 22. h3 a5 23. Kf2 Kg7 24. g4 h6 25. gxf5 gxf5 26. a4 Kf6 27. b3
Rd6 28. Rd4 Rad8 1/2-1/2

[Event "1. Wittelsbacher Weihnachts-Schach-Open"]
[Site "Kelheim"]
[Date "2012.12.28"]
[Round "5.3"]
[White "Fernandez-Garcia, Relman"]
[Black "Promyshlyanskyy, Vitaliy"]
[Result "1-0"]
[WhiteElo "2067"]
[BlackElo "2237"]
[PlyCount "55"]
[EventDate "2012.??.??"]
[WhiteTeam "SG Schwabing München Nord e.V."]
[BlackTeam "SC Noris-Tarrasch Nürnberg 1873"]

1. e4 Nc6 2. d4 e5 3. c3 exd4 4. cxd4 Bb4+ 5. Nc3 Qe7 6. Qd3 d5 7. e5 f6 8. f4
fxe5 9. dxe5 d4 10. a3 dxc3 11. axb4 cxb2 12. Bxb2 Nxb4 13. Qb3 Bf5 14. Rc1 a5
15. Nf3 a4 16. Qc4 c6 17. Nd4 Be4 18. Ba3 c5 19. Nb5 Bc6 20. Nd6+ Kf8 21. Qxc5
Bxg2 22. Bxb4 Qh4+ 23. Kd1 b6 24. Qc4 Qh5+ 25. Be2 Bf3 26. Nf5+ Ne7 27. Bxe7+
Ke8 28. Nxg7+ 1-0

[Event "1. Wittelsbacher Weihnachts-Schach-Open"]
[Site "Kelheim"]
[Date "2012.12.28"]
[Round "5.4"]
[White "Braun, Thomas"]
[Black "Maier, Alexander"]
[Result "0-1"]
[WhiteElo "2162"]
[BlackElo "2306"]
[PlyCount "40"]
[EventDate "2012.??.??"]
[WhiteTeam "FC Bayern München e.V."]
[BlackTeam "SK Ingolstadt"]

1. d4 d5 2. c4 Nc6 3. Nc3 dxc4 4. Nf3 Nf6 5. d5 Na5 6. e4 c6 7. Bf4 cxd5 8.
exd5 a6 9. b4 cxb3 10. axb3 b5 11. b4 e5 12. Qb1 exf4 13. Rxa5 Bb7 14. Bd3 Be7
15. O-O O-O 16. Nd4 Nxd5 17. Nxd5 Qxd5 18. Bxh7+ Kh8 19. Nf3 Qd6 20. Qf5 g6 0-1

[Event "1. Wittelsbacher Weihnachts-Schach-Open"]
[Site "Kelheim"]
[Date "2012.12.28"]
[Round "5.5"]
[White "Gießmann, Stephan"]
[Black "Weber, Daniel"]
[Result "1-0"]
[WhiteElo "2245"]
[BlackElo "1866"]
[PlyCount "81"]
[EventDate "2012.??.??"]
[WhiteTeam "SK Kelheim 1920"]
[BlackTeam "SC Bechhofen 1923 e.V."]

1. d4 Nf6 2. Nf3 g6 3. Bf4 Bg7 4. c3 O-O 5. h3 b6 6. e3 Bb7 7. Nbd2 d6 8. Bc4
Nbd7 9. O-O Ne8 10. e4 e5 11. Bh2 Kh8 12. Re1 Qe7 13. Qe2 c5 14. Nb3 cxd4 15.
cxd4 exd4 16. Nbxd4 Nef6 17. e5 dxe5 18. Nxe5 Nxe5 19. Bxe5 Rfd8 20. Qe3 Bd5
21. Bxd5 Rxd5 22. Qf3 Qd8 23. Nc6 Qd7 24. Nb4 Rxe5 25. Qxa8+ Ng8 26. Rxe5 Bxe5
27. Re1 f6 28. Qd5 Qxd5 29. Nxd5 Bxb2 30. Re8 Kg7 31. Ra8 Bd4 32. Rxa7+ Kh6 33.
Rb7 f5 34. Nxb6 Nf6 35. a4 Ne4 36. a5 Bxf2+ 37. Kf1 Nd6 38. Kxf2 Nxb7 39. a6
Nd6 40. a7 Ne4+ 41. Kg1 1-0

[Event "1. Wittelsbacher Weihnachts-Schach-Open"]
[Site "Kelheim"]
[Date "2012.12.28"]
[Round "5.6"]
[White "Fuhrmann, Max"]
[Black "Seifert, Werner"]
[Result "1/2-1/2"]
[WhiteElo "2155"]
[BlackElo "2000"]
[PlyCount "100"]
[EventDate "2012.??.??"]
[WhiteTeam "SK Kelheim 1920"]
[BlackTeam "SAbt SV Weiss-BL.Allianz"]

1. e4 e6 2. d4 d5 3. Nc3 Bb4 4. exd5 exd5 5. Bd3 Nc6 6. a3 Bxc3+ 7. bxc3 Nge7
8. Qh5 Be6 9. Rb1 b6 10. Ne2 Qd7 11. h3 Bf5 12. O-O Bxd3 13. cxd3 Qf5 14. Qxf5
Nxf5 15. g4 Nfe7 16. Nf4 O-O-O 17. Nh5 Rhg8 18. f3 f5 19. Bf4 Rdf8 20. Be5 Nxe5
21. dxe5 c6 22. Nf4 Kd7 23. d4 Ng6 24. Nxg6 hxg6 25. f4 Rh8 26. gxf5 gxf5 27.
Rf3 Ke6 28. Kf2 Rh4 29. Rg1 Kf7 30. Rg5 g6 31. Rg1 Rfh8 32. Kg2 R8h5 33. Kh2
Rh6 34. a4 Rh8 35. Rb1 Ke6 36. Rg1 Kf7 37. Rg5 Rg4 38. Rg3 Rxg5 39. Rxg5 a5 40.
Rg1 b5 41. Rb1 Rb8 42. Kg3 Kg7 43. Kf2 Kf7 44. h4 Ke6 45. Ke3 Kf7 46. Ra1 Ra8
47. Kd3 Ke6 48. Kc2 Kf7 49. Kb3 Ke6 50. Rg1 Kf7 1/2-1/2

[Event "1. Wittelsbacher Weihnachts-Schach-Open"]
[Site "Kelheim"]
[Date "2012.12.28"]
[Round "5.7"]
[White "Stöckl, Stephan"]
[Black "Eibl, Maximilian"]
[Result "0-1"]
[WhiteElo "2126"]
[BlackElo "2137"]
[PlyCount "80"]
[EventDate "2012.??.??"]
[WhiteTeam "SK Schwandorf"]
[BlackTeam "SK Kelheim 1920"]

1. Nf3 Nf6 2. c4 e6 3. g3 b6 4. Bg2 Bb7 5. O-O Be7 6. b3 O-O 7. Bb2 d6 8. d3
Nbd7 9. e3 c5 10. Nc3 a6 11. Qe2 Qc7 12. Rad1 Rad8 13. d4 Rfe8 14. e4 cxd4 15.
Nxd4 Bf8 16. Rfe1 Nc5 17. Qc2 Qb8 18. Rd2 Qa8 19. f3 g6 20. Qd1 Bh6 21. Rde2 e5
22. Nc2 b5 23. Nd5 Nxd5 24. cxd5 f5 25. Nb4 fxe4 26. fxe4 Bc8 27. Rf2 Rf8 28.
Rxf8+ Rxf8 29. Rf1 Rxf1+ 30. Qxf1 Bg4 31. Nc6 Be3+ 32. Kh1 Qf8 33. Qxf8+ Kxf8
34. Ba3 Be2 35. Bxc5 Bxc5 36. b4 Bb6 37. Nb8 Ke7 38. Nxa6 Bc4 39. a3 Ba7 40.
Bf3 Kd8 0-1

[Event "1. Wittelsbacher Weihnachts-Schach-Open"]
[Site "Kelheim"]
[Date "2012.12.28"]
[Round "5.8"]
[White "Kreuzer, Helmut"]
[Black "Schindler, Gernot"]
[Result "1-0"]
[WhiteElo "2132"]
[BlackElo "2023"]
[PlyCount "93"]
[EventDate "2012.??.??"]
[WhiteTeam "SK Kelheim 1920"]
[BlackTeam "SK Kelheim 1920"]

1. d4 f5 2. c4 Nf6 3. Nc3 d6 4. h4 Nbd7 5. Qd3 e5 6. Qxf5 exd4 7. Qe6+ Be7 8.
Nd5 c6 9. Qxe7+ Qxe7 10. Nxe7 Kxe7 11. Nf3 Ne5 12. Nxd4 Nxc4 13. e4 d5 14. exd5
cxd5 15. b3 Ne5 16. f3 Bd7 17. Kf2 a6 18. Bb2 Nc6 19. Bd3 g6 20. g4 Rhe8 21. h5
Kf7 22. hxg6+ hxg6 23. Rae1 Rxe1 24. Kxe1 Re8+ 25. Kd2 Nd8 26. Rh6 Rg8 27. a4
Ne6 28. Nxe6 Bxe6 29. g5 Nd7 30. Rh7+ Ke8 31. Ba3 Bf7 32. f4 Nf8 33. Bxf8 Kxf8
34. b4 Ke7 35. Ke3 Ke6 36. Rh6 Ke7 37. Kd4 Rg7 38. Ke5 Rg8 39. Rh7 Re8 40. Kd4
Kf8 41. Rh8+ Ke7 42. Rh6 Rg8 43. a5 Kf8 44. Rh7 Ke7 45. Ke5 Re8 46. Bxg6 Kf8+
47. Kf5 1-0